Cálculo de grupos de pilotes (Record no. 55464)

MARC details
000 -LEADER
campo de control de longitud fija 00609nam a2200157 i 4500
001 - NÚMERO DE CONTROL
campo de control 55464
003 - IDENTIFICADOR DE NÚMERO DE CONTROL
campo de control ES-MaACL
005 - FECHA Y HORA DE LA ÚLTIMA TRANSACCIÓN
campo de control 20230906163143.0
007 - CAMPO FIJO DE DESCRIPCIÓN FÍSICA--INFORMACIÓN GENERAL
campo de control de longitud fija t|
008 - DATOS DE LONGITUD FIJA--INFORMACIÓN GENERAL
campo de control de longitud fija 030919s1952 sp ||||1| spa d
100 1# - ENTRADA PRINCIPAL--NOMBRE DE PERSONA
Nombre de persona Derqui Morilla, Fernando.
9 (RLIN) 43794
245 10 - MENCIÓN DEL TÍTULO
Título Cálculo de grupos de pilotes
Resto del título : la "estricción" lateral en los pilotes moldeados : procedimiento Derqui : comunicado a la Sociedad Española de Mecánica del Suelo y Cimentaciones /
Mención de responsabilidad, etc. F. Derqui.
260 ## - PUBLICACIÓN, DISTRIBUCIÓN, ETC.
Lugar de publicación, distribución, etc. [S.l. :
Nombre del editor, distribuidor, etc. s.n.,
Fecha de publicación, distribución, etc. 1952] (
Lugar de fabricación/manufactura Madrid :
Fabricante Gráf. Onofre Alonso)
300 ## - DESCRIPCIÓN FÍSICA
Extensión 14 p. ;
Dimensiones 25 cm.
852 ## - LOCALIZACIÓN
Ubicación ES-MaACL
Número de control de estantería 1963-F-13
Sublocalización o colección R.33314
Holdings
Estatus retirado Estado de pérdida Estado de daño No para préstamo Colección Biblioteca de origen Biblioteca actual Ubicación en estantería Fecha de adquisición Fuente de adquisición Total de préstamos Signatura topográfica completa Código de barras Visto por última vez Precio de reemplazo Tipo de ítem Koha
        Colección de folletos Biblioteca del Ateneo de Madrid Biblioteca del Ateneo de Madrid Depósito folletos 17/01/2008     1963-F-13 1058272 23/02/2023 23/02/2023 Folleto